ՀՀ Գիտությունների ազգային ակադեմիայի հիմնարար գիտական գրադարան  =   Fundamental Scientific Library of NAS RA
Normal view MARC view

Entry Personal Name

Number of records used in: 20

001 - CONTROL NUMBER

  • control field: 1747

003 - CONTROL NUMBER IDENTIFIER

  • control field: AM-YEHGA

005 - DATE AND TIME OF LATEST TRANSACTION

  • control field: 20250617070431.0

008 - FIXED-LENGTH DATA ELEMENTS

  • fixed length control field: 050518 a|ac|n|aab||||||||||||a |n|||||||

040 ## - CATALOGING SOURCE

  • Original cataloging agency: AM-YEHGA

100 1# - HEADING--PERSONAL NAME

  • Personal name: Շահան, Շահնուր,
  • Dates associated with a name: 1903-1974

400 1# - SEE FROM TRACING--PERSONAL NAME

  • Personal name: Շահան Շահնուր,
  • Dates associated with a name: 1903-1974

400 1# - SEE FROM TRACING--PERSONAL NAME

  • Personal name: Շահնուր Շահան,
  • Dates associated with a name: 1903-1974

400 1# - SEE FROM TRACING--PERSONAL NAME

  • Control subfield: a
  • Personal name: Քերեսթեճյան, Շահնուր Զաքարի,
  • Dates associated with a name: 1903-1974

400 0# - SEE FROM TRACING--PERSONAL NAME

  • Personal name: Շահնուր,
  • Dates associated with a name: 1903-1974

400 0# - SEE FROM TRACING--PERSONAL NAME

  • Personal name: Արմեն Լյուբեն,
  • Dates associated with a name: 1903-1974

400 1# - SEE FROM TRACING--PERSONAL NAME

  • Personal name: Шаан, Шахнур,
  • Dates associated with a name: 1903-1974

400 1# - SEE FROM TRACING--PERSONAL NAME

  • Personal name: Shahan, Shahnur,
  • Dates associated with a name: 1903-1974

670 ## - SOURCE DATA FOUND

  • Uniform Resource Identifier: <a href="http://hy.wikipedia.org/wiki/Շահան_Շահնուր"target="_blank">Վիքիպեդիա</a>

670 ## - SOURCE DATA FOUND

  • Source citation: Հայկական համառոտ հանրագիտարան, 2003 :
  • Information found: Հ. 4 (Շահան Շահնուր (Քերեսթեճյան Շահնուր Զաքարի, 3.8.1903, Կ. Պոլիս - 20.8.1974, Փարիզ), գրող: 1930-ականներից մինչև կյանքի վերջը անցկացրել է հիվանդանոցում ծանր հիվանդության պատճառով: Այդ ժամանակից սկսել է գրել ֆրանս.` Արմեն Լյուբեն ստորագրությամբ: Ռիվարոյի մրցանակ (1956)):

670 ## - SOURCE DATA FOUND

  • Source citation: Նահանջը առանց երգի : Պատկերազարդ պատմություն հայոց : Վեպ, 1994 :
  • Information found: տիտղթ. (Շահան Շահնուր)

670 ## - SOURCE DATA FOUND

  • Source citation: Յարալեզներուն դաւաճանութիւնը : Պատկերազարդ պատմութիւն հայոց, 1971 :
  • Information found: տիտղթ. (Շահան Շահնուր)

670 ## - SOURCE DATA FOUND

  • Source citation: Վիպակներ, 1947 :
  • Information found: տիտղթ. (Շահնուր)


ՀՀ ԳԱԱ հիմնարար գիտական գրադարան
ՀՀ,Երևան 0019
Մարշալ Բաղրամյան 24/6
հեռախոս:(374-10) 52-47-50
Հետադարձ կապ

All site content, except where otherwise noted, is licensed under a
Creative Commons License